LIBRARY & INFORMATION CENTRE, KCAET, TAVANUR

ONLINE PUBLIC ACCESS CATALOGUE (OPAC)

Agriculture Extension: Impact and Assessment (Record no. 13821)

MARC details
000 -LEADER
fixed length control field 00277nam a22001217a 4500
020 ## - INTERNATIONAL STANDARD BOOK NUMBER
ISBN 8177540394
082 ## - DEWEY DECIMAL CLASSIFICATION NUMBER
Classification number 630.7 SIN/AG
100 ## - MAIN ENTRY--AUTHOR NAME
Personal name A K Singh
245 ## - TITLE STATEMENT
Title Agriculture Extension: Impact and Assessment
260 ## - PUBLICATION, DISTRIBUTION, ETC. (IMPRINT)
Place of publication Jodhpur
Name of publisher Agrobios
Year of publication 2012
300 ## - PHYSICAL DESCRIPTION
Number of Pages 266
942 ## - ADDED ENTRY ELEMENTS (KOHA)
Koha item type Books
Holdings
Withdrawn status Lost status Damaged status Collection code Home library Current library Shelving location Date acquired Source of acquisition Cost, normal purchase price Full call number Accession Number Koha item type
      Non-fiction KAUAET KAUAET General Stacks 31/03/2012 Southern Book Star, Thiruvananthapuram 595.00 630.7 SIN/AG 23370 Books
free website counter